000 00500nam a2200145 a 4500
001 000032315
005 20200930065558.0
008 110714s1925 dr r 000 0 spa d
040 _aDO-SdBNP
_bspa
_cBNPHU
082 _axxxxx
_bR426m
100 1 _aRepública Dominicana
_935843
245 1 0 _aMemoria que al ciudadano presidente de la República presenta el Secretario de Estado de Fomento y Comunicaciones.
260 _aSanto Domingo :
_bImp Casa de las América,
_c1925.
300 _a141 p. ;
_c27 cm.
999 _c31806
_d31806